| 000 | 00960cab a2200265 4500 | ||
|---|---|---|---|
| 001 | ABS59315 | ||
| 008 | 090401t1998 xxu||||| |||| 00| 0 eng d | ||
| 035 | _a(Sirsi) u88713 | ||
| 041 | _aeng | ||
| 100 | _aWard, C. | ||
| 245 | _aRent controls and deposits | ||
| 260 | _c1998 | ||
| 350 | _a0 | ||
| 490 |
_aThe Valuer _v67(5) September/October 1998, 18(1) |
||
| 520 | _aDiscusses the potential impact of the consultation paper "Limiting fair rent increases". Considers whether shorthold tenants could become sitting tenants with landlords unable to recover possession due to limits to rent increases. | ||
| 650 | _aASSURED SHORTHOLD TENANCIES | ||
| 650 | _aCONSULTATION PAPER | ||
| 650 | _aHOUSING ACT 1988 | ||
| 650 | _aLANDLORD AND TENANT ACT 1985 | ||
| 650 | _aRENT ACT 1977 | ||
| 650 | _aRENT CONTROL | ||
| 690 | _aPROPERTY-RESIDENTIAL PROPERTY-RESIDENTIAL LANDLORD AND TENANT-RESIDENTIAL TENANCIES | ||
| 942 | _n0 | ||
| 948 | _c29/09/1998 | ||
| 999 |
_c56078 _d56078 |
||